000
002790000a22000970004500
100
1
_a
Winter, Ralph D.
245
1
0
_a
Mission 2000 : Towards strategy of closure
300
_a
Vol. 2, Núm 1 (1985), Páginas 39-52
773
0
_t
International Journal of Frontier Misions
942
_c
ANA
999
_c
55111
_d
55111